Statistics for Rivers by Pictures

Click here to take the quiz!

General Stats

  • This quiz has been taken 69 times
  • The average score is 9 of 15

Answer Stats

Answer% Correct
Thames
95%
Nile
84%
Colorado
81%
Mississippi
74%
Danube
71%
Mekong
71%
Amazon
63%
Yangtze
63%
Zambezi
61%
Rhine
56%
Tiber
56%
Hudson
55%
Seine
55%
Congo
32%
Tigris
29%

Score Distribution

Percentile by Number Answered

Percent of People with Each Score

Your Score History

You have not taken this quiz